MMA - Surnoms combattants UFC - Statistiques

Statistiques générales
  • Ce quiz a été pris 4 896 fois
  • Le résultat moyen est 21 sur 50
Statistiques - réponses
Surnom Nom % Correct
Bones Jon Jones
93%
Do Bronx Charles Oliveira
88%
God of War Benoit Saint-Denis
87%
The Notorious Conor McGregor
85%
Bon Gamin Ciryl Gane
84%
Poatan Alex Pereira
80%
The Diamond Dustin Poirier
79%
Borz Khamzat Chimaev
78%
Suga Sean O'Malley
78%
The Eagle Khabib Nurmagomedov
77%
The Last Stylebender Israel Adesanya
68%
The Nigerian Nightmare Kamaru Usman
67%
Blessed Max Holloway
66%
Mighty Mouse Demetrious Johnson
63%
The Predator Francis Ngannou
60%
Rush Georges Saint-Pierre
57%
El Cucuy Tony Ferguson
57%
The Spider Anderson Silva
52%
Chito Marlon Vera
52%
The Highlight Justin Gaethje
47%
Rocky Leon Edwards
45%
The Great Alexander Volkanovski
43%
Rampage Quinton Jackson
42%
Bam Bam Tai Tuivasa
42%
The Prodigy BJ Penn
39%
Triple C Henry Cejudo
37%
The Assassin Baby Brandon Moreno
32%
The Black Beast Derrick Lewis
30%
Nomad Shavkat Rakhmonov
29%
The Cannibal Alexandre Pantoja
28%
Showtime Anthony Pettis
25%
Durinho Gilbert Burns
25%
Gamebred Jorge Masvidal
23%
Sweet Dreams Jamahal Hill
22%
No Mercy Petr Yan
22%
BJP Jiri Prochazka
18%
The Iceman Chuck Liddell
17%
Deus da Guerra Deiveson Figueiredo
14%
The Korean Zombie Jung Chan-Sung
13%
Cro Cop Mirko Filipovic
12%
Pantera Yair Rodriguez
12%
The Last Emperor Fedor Emelianenko
11%
Ruthless Robbie Lawler
10%
Benny Beneil Dariush
8%
The Natural Randy Couture
8%
The Underground King Eddie Alvarez
6%
The Dragon Lyoto Machida
6%
The Dominator Dominick Cruz
5%
Prince of Cieszyn Jan Blachowicz
4%
The Huntington Beach Bad Boy Tito Ortiz
4%
Aucun quiz correspondant
Distribution des résultats
% des personnes avec chaque résultat
Percentile par nombre de réponses
Votre historique - résultats
Vous n’avez pas pris ce quiz